000 02251 a2200457 4500
001 22875156
003 0000
005 20260407112847.0
008 221122s2023 flu 001 0 eng
010 _a 2022053002
020 _a9781032308975
020 _a9781032308982
020 _z9781003307181
035 _a22875156
040 _aDLC
_beng
_cDLC
_erda
042 _apcc
050 0 0 _aG70.212
_b.M34 2023
082 0 0 _a910.285
_223/eng20230324
100 1 _aMcHaffie, Patrick,
_eauthor.
245 1 0 _aGIS :
_ban introduction to mapping technologies /
_cPatrick McHaffie, Sungsoon Hwang, Cassie Follett.
246 3 _aGeographic information systems
250 _aSecond Edition.
263 _a2303
264 1 _aBoca Raton, FL ;
_aLondon :
_bCRC Press,
_c2023.
300 _ax, 302p.
_bill.
336 _atext
_btxt
_2rdacontent
337 _aunmediated
_bn
_2rdamedia
338 _avolume
_bnc
_2rdacarrier
500 _a"First edition published by CRC Press 2018"--T.p. verso.
500 _aIncludes index.
520 _a"This second edition of "GIS" is thoroughly rewritten and adds two new chapters to respond to today's students' demand for critical engagement with technologies that address relevant issues across several disciplines, and prepares them for higher-level work in geotechnologies. Chapters are arranged to build competence in fundamental skills, explore applications of higher-level managerial and analytical functions that are called upon in public, non-profit, and private sector milieu, and propose a detailed template for organizing, executing, and completing a GIS project successfully. This interests all users from beginners to experienced professionals"--
_cProvided by publisher.
650 0 _aGeographic information systems.
650 0 _aInformation storage and retrieval systems
_xGeography.
650 0 _aGeotechnical engineering.
700 1 _aHwang, Sungsoon,
_eauthor.
700 1 _aFollett, Cassie,
_eauthor.
776 0 8 _iOnline version:
_aMcHaffie, Patrick.
_tGIS
_bSecond Edition.
_dBoca Raton, FL : CRC Press, 2023
_z9781003307181
_w(DLC) 2022053003
906 _a7
_bcbc
_corignew
_d1
_eecip
_f20
_gy-gencatlg
942 _2lcc
_cBK
999 _c44265
_d44265